LEADER 01255nam a2200241 i 4500 001 000000251886 003 CaOOAMICUS 005 20161206000000.0 008 161206s2002 it u000 u ita u 013 $a230791 020 $a88-8025-336-0 040 $aSeMil$bita 100 1 $aMartini, Carlo Maria,$c.$0(OLS)http://semarc/name/89159 245 10$aPer chi ama i suoi figli e il futuro della Chiesa :$blettera ai genitori /$cCarlo Maria Martini, Cardinale Arcivescovo di Milano. 260 $aMilano :$bCentro Ambrosiano,$ccopyr. 2002. 300 $a23 p. ;$c18 cm. 650 4$aMartini, Carlo Maria - Famiglia.$0(OLS)http://semarc/subject/40820 650 4$aMartini, Carlo Maria - Scritti, discorsi, omelie, lettere pastorali, etc.$0(OLS)http://semarc/subject/6501 850 $aSeMil 852 $aSeMil$W1$xVenegono$y1$m5B III 34/8$j202232$B202232$CSeMilBibl$Z2$F214914 $81 996 $6020$a88-8025-336-0$9(OLS)http://semarc/number/262963 996 $6245$aPer chi ama i suoi figli e il futuro della Chiesa :$blettera ai genitori$9(OLS)http://semarc/title/354011 996 $6260$aMilano :$bCentro Ambrosiano$9(OLS)http://semarc/publisher/29766 LEADER 01501nam a2200265 i 4500 001 000000116633 003 CaOOAMICUS 005 20090720000000.0 008 090720s1991 it u000 u ita u 013 $a89322 040 $aSeMil$bita 110 2 $aChiesa cattolica : Pontificio consiglio della pastorale per i migranti e gli itineranti.$0(OLS)http://semarc/name/90286 245 10$aSolidarietą per le nuove migrazioni :$batti del 3. Congresso Mondiale della Pastorale per i migranti e i rifugiati, Cittą del Vaticano, 30 sett. 260 $a[S.l. :$bs.n.,$c1991?]$e(Roma :$fPeristegraf,$g1991?]) 300 $a221 p. :$bill., tabelle e grafici + 23 p. di tav. ;$c21 cm. 500 $aIn Allegato : Documento finale. - Fondo Card. C.M. Martini. 650 4$aImmigrazione - Pastorale.$0(OLS)http://semarc/subject/19230 650 4$aMigrazioni - Pastorale - Atti di congressi.$0(OLS)http://semarc/subject/15050 700 1 $aCongresso Mondiale della Pastorale per i migranti e i rifugiati <3. ; 1991 ; Cittą del Vaticano>.$0(OLS)http://semarc/name/48721 850 $aSeMil 852 $aSeMil$W1$xVenegono$y1$m2A III 45$j72057$B72057$CSeMilBibl$Z2$F87829 $81 941 1 $a4 961 $aOmaggio: Martini Card. Carlo Maria 996 $6245$aSolidarietą per le nuove migrazioni :$batti del 3. Congresso Mondiale della Pastorale per i migranti e i rifugiati, Cittą del Vaticano, 30 sett$9(OLS)http://semarc/title/171054 996 $6260$a[S.l. :$bs.n.$9(OLS)http://semarc/publisher/31686